<?xml version="1.0" encoding="UTF-8"?><?xml-stylesheet type="text/xsl" href="static/style.xsl"?><OAI-PMH xmlns="http://www.openarchives.org/OAI/2.0/" xmlns:xsi="http://www.w3.org/2001/XMLSchema-instance" xsi:schemaLocation="http://www.openarchives.org/OAI/2.0/ http://www.openarchives.org/OAI/2.0/OAI-PMH.xsd"><responseDate>2026-04-14T17:45:12Z</responseDate><request verb="GetRecord" identifier="oai:uvadoc.uva.es:10324/55865" metadataPrefix="marc">https://uvadoc.uva.es/oai/request</request><GetRecord><record><header><identifier>oai:uvadoc.uva.es:10324/55865</identifier><datestamp>2022-10-06T19:01:28Z</datestamp><setSpec>com_10324_38</setSpec><setSpec>col_10324_852</setSpec></header><metadata><record xmlns="http://www.loc.gov/MARC21/slim" xmlns:doc="http://www.lyncode.com/xoai" xmlns:xsi="http://www.w3.org/2001/XMLSchema-instance" xmlns:dcterms="http://purl.org/dc/terms/" xsi:schemaLocation="http://www.loc.gov/MARC21/slim http://www.loc.gov/standards/marcxml/schema/MARC21slim.xsd">
<leader>00925njm 22002777a 4500</leader>
<datafield tag="042" ind1=" " ind2=" ">
<subfield code="a">dc</subfield>
</datafield>
<datafield tag="720" ind1=" " ind2=" ">
<subfield code="a">Román Ortega, Fernando</subfield>
<subfield code="e">author</subfield>
</datafield>
<datafield tag="260" ind1=" " ind2=" ">
<subfield code="c">2022</subfield>
</datafield>
<datafield tag="520" ind1=" " ind2=" ">
<subfield code="a">El objetivo del proyecto es elaborar un plan de mejora para una explotación agrícola de 250 hectáreas en régimen de secano, ubicada en el término municipal de Valdeolmillos (Palencia). Este plan está orientado a maximizar la rentabilidad económica del proceso productivo, optimizando los recursos disponibles e implementando nuevas técnicas de producción, nuevos cultivos y todas las consideraciones técnicas necesarias para llevar a cabo la actividad agrícola.&#xd;
También incluye el dimensionado y diseño completo de una nave almacén de 800 m2 que va a albergar la maquinaria, materias primas y los productos obtenidos de la actividad agrícola.</subfield>
</datafield>
<datafield tag="024" ind2=" " ind1="8">
<subfield code="a">https://uvadoc.uva.es/handle/10324/55865</subfield>
</datafield>
<datafield tag="245" ind1="0" ind2="0">
<subfield code="a">Proyecto de mejora de una explotación agrícola en el T. M. de Valdeolmillos (Palencia)</subfield>
</datafield>
</record></metadata></record></GetRecord></OAI-PMH>